书目信息 |
| 题名: |
尼日利亚史
|
|
| 作者: | 艾伦·伯恩斯 著 ;上海师范大学《尼日利亚史》翻译组 译 | |
| 分册: | ||
| 出版信息: | 上海 上海人民出版社 1974.9 |
|
| 页数: | 608页 | |
| 开本: | 20cm | |
| 丛书名: | ||
| 单 册: | ||
| 中图分类: | K437 | |
| 科图分类: | ||
| 主题词: | 西非--历史 | |
| 电子资源: | ||
| ISBN: | ||
| 000 | 00732nam0 2200229 45 | |
| 001 | 0212190979 | |
| 005 | 20031219104102.5 | |
| 010 | @dCNY1.90 | |
| 091 | @a11171.50 | |
| 100 | @a20021219d1974 km y0chiy0120 ea | |
| 101 | 0 | @achi |
| 105 | @ab z 000yy | |
| 200 | 1 | @a尼日利亚史@ANi Ri Li Ya Shi@f(英)艾伦·伯恩斯著@F(Ying)Ai Lun·Bo En Si Zhu@g上海师范大学《尼日利亚史》翻译组译 |
| 210 | @a上海@c上海人民出版社@d1974.9 | |
| 215 | @a608页@c地图@d20cm | |
| 300 | @a内部参考读物 | |
| 606 | 0 | @a西非@x历史 |
| 690 | @aK437@v3 | |
| 701 | 0 | @a艾伦·伯恩斯@4著 |
| 712 | 02 | @a上海师范大学《尼日利亚史》翻译组@AShang Hai Shi Fan Da Xue《Ni Ri Li Ya Shi》Fan Yi Zu@4译 |
| 801 | @aCN@bTSTC@c20021219 | |
| 905 | @f1@b219188@dK437@e11 | |
| 尼日利亚史/(英)艾伦·伯恩斯著/上海师范大学《尼日利亚史》翻译组译.-上海:上海人民出版社,1974.9 |
| 608页:地图;20cm |
| 内部参考读物 |
| ISBN :CNY1.90 |
| ● |
| 相关链接 |
|
|
|
|
正题名:尼日利亚史
索取号:K437/11
 
预约/预借
| 序号 | 登录号 | 条形码 | 馆藏地/架位号 | 状态 | 备注 |
| 1 | 0219188 | 001746374 | 第二样本阅览室/ [索取号:K437/11] | 在馆 |